000 00511nam a22001817a 4500
010 _aENG-147532
020 _c399.00
_a9789350008478
035 _aEN-131064
037 _bDBAD
082 _aN
_21
100 _aNasrin, Taslima
_986584
245 _aRevenge/
_cTaslima Nasrin
250 _a1
260 _aNew Delhi
_bVani Prakashan
_c2025
270 _bNew Delhi
_myatrabooks.com
_a4695, 21-A, Daryaganj
_e110002
_k+911123273167
_k+911123275710
300 _a186p.
_c21cm(pb)
_bill
942 _2ddc
_cEN
_hN
_mNAS
999 _c214280
_d214280